000 00566nam a2200181 a 4500
001 000036775
005 20200930075929.0
008 120131s2004 sp 000 0 spa d
040 _aDO-SdBNP
_bspa
_cBNPHU
082 _axxxx
_bP181a
100 1 _aPalol, Pedro de
_963109
245 1 0 _aArte paleocristiano. /
_cPedro de Palol.
260 _aBarcelona :
_bEdiciones Poligrafa,
_c[19uu]?
300 _a377 p. :
_bils., retr. ;
_c27 cm.
490 1 _aBiblioteca de arte hispánico
504 _aBibliografía: p.362-377
830 0 _aBiblioteca de arte hispánico
_963110
999 _c36266
_d36266